[Event "Toronto op"]
[Site "Toronto CAN"]
[Date "2019.09.02"]
[Round "6.6"]
[White "Kang, Dorian"]
[Black "Gao, Raymond"]
[Result "1-0"]
[WhiteElo "2213"]
[BlackElo "2050"]
[PlyCount "95"]
[EventDate "2019.08.31"]
[EventType "swiss"]
[EventRounds "6"]
[EventCountry "CAN"]

1. e4 g6 2. d4 Nf6 3. Nc3 d5 4. e5 Ne4 5. Nxe4 dxe4 6. Be3 Bg7 7. c3 O-O 8. Bc4
c5 9. Ne2 Nc6 10. O-O Na5 11. Bb3 Nxb3 12. Qxb3 Be6 13. Qc2 cxd4 14. Bxd4 Bd5
15. Nf4 Bc6 16. Qb3 Qc7 17. Nd5 Qd7 18. Nb4 Ba4 19. Qd5 Rfd8 20. Qxe4 a5 21.
Nc2 Bc6 22. Qh4 Qd5 23. Ne3 Qb5 24. Rab1 Bxe5 25. c4 Rxd4 26. Qxd4 Bxd4 27.
cxb5 Be4 28. Rbd1 Bxb2 29. f3 Bf5 30. Nxf5 gxf5 31. Rd7 b6 32. Rfd1 Kg7 33. Rd8
Rxd8 34. Rxd8 e5 35. Kf2 Bd4+ 36. Ke2 Bc5 37. Rd5 Bd4 38. Rd6 Bg1 39. h3 e4 40.
fxe4 fxe4 41. g4 f6 42. Rd1 Bc5 43. Rc1 Bd4 44. Rc4 Be5 45. Rxe4 Kg6 46. Kf3 h5
47. gxh5+ Kxh5 48. Rxe5+ 1-0

[Event "Toronto op"]
[Site "Toronto CAN"]
[Date "2019.09.02"]
[Round "6.7"]
[White "Cao, Bruce"]
[Black "Noritsyn, Sergey"]
[Result "0-1"]
[WhiteElo "1767"]
[BlackElo "2325"]
[PlyCount "90"]
[EventDate "2019.08.31"]
[EventType "swiss"]
[EventRounds "6"]
[EventCountry "CAN"]

1. e4 c5 2. Nf3 d6 3. d4 cxd4 4. Nxd4 Nf6 5. Nc3 a6 6. Bc4 e6 7. Bb3 Nbd7 8.
Be3 Nc5 9. f3 Be7 10. Qd2 Qc7 11. Na4 Bd7 12. Nc3 b5 13. a3 Qb7 14. O-O e5 15.
Nde2 Nxb3 16. cxb3 Be6 17. b4 O-O 18. Ng3 Rfd8 19. Qf2 g6 20. Rfd1 h5 21. Bg5
Rac8 22. Bxf6 Bxf6 23. f4 exf4 24. Nge2 f3 25. Nd4 Bxd4 26. Rxd4 fxg2 27. Qxg2
Rc4 28. Rad1 Qc7 29. R4d3 Qb6+ 30. Kf1 Rc7 31. Qf2 Qc6 32. Kg1 Rcd7 33. Qf6 Qb7
34. Nd5 Bxd5 35. Rxd5 Re8 36. Qf4 Rde7 37. Re1 Qxd5 38. exd5 Rxe1+ 39. Kf2
R8e2+ 40. Kg3 Rg1+ 41. Kh3 g5 42. Qd4 Rg4 43. Qb6 Rge4 44. Qd8+ Kh7 45. Qxg5
R4e3+ 0-1

[Event "Toronto op U1800"]
[Site "Toronto CAN"]
[Date "2019.08.31"]
[Round "1"]
[White "Schyngera, Eli"]
[Black "Armstrong, Robert J"]
[Result "0-1"]
[WhiteElo "1374"]
[BlackElo "1519"]
[PlyCount "76"]
[EventDate "2019.08.31"]
[EventType "swiss"]
[EventRounds "6"]
[EventCountry "CAN"]

1. d4 g6 2. c4 Bg7 3. Nc3 d6 4. Nf3 Nf6 5. Bf4 O-O 6. e3 Nc6 7. a3 Re8 8. d5
Nb8 9. Bd3 e5 10. dxe6 Bxe6 11. Qb3 Qc8 12. O-O Nbd7 13. Nd4 Nc5 14. Qc2 Nxd3
15. Qxd3 Bg4 16. h3 Bd7 17. Rfe1 Nh5 18. Bh2 Be5 19. f4 Bf6 20. Nd5 Bh4 21. Re2
c6 22. Nc3 Bg3 23. Ne4 Bf5 24. Nxf5 Qxf5 25. Rd1 Bxh2+ 26. Kxh2 Qxe4 27. Qb3
Nxf4 28. Rd4 Qe5 29. Rxf4 g5 30. Qxb7 gxf4 31. Kg1 Qe4 32. Qd7 Re6 33. Qb7 Rae8
34. Qxa7 Rg6 35. Qa6 f3 36. Rf2 Qxe3 37. Qxc6 Rxg2+ 38. Kh1 Qe1+ 0-1

[Event "Toronto op U1800"]
[Site "Toronto CAN"]
[Date "2019.08.31"]
[Round "2"]
[White "Armstrong, Robert J"]
[Black "Ali, Shafkat"]
[Result "1-0"]
[WhiteElo "1519"]
[BlackElo "1683"]
[PlyCount "100"]
[EventDate "2019.08.31"]
[EventType "swiss"]
[EventRounds "6"]
[EventCountry "CAN"]

1. d4 d5 2. Nf3 Nf6 3. e3 Bf5 4. c4 e6 5. a3 Nbd7 6. Nc3 c5 7. dxc5 Nxc5 8. b4
Nfe4 9. Bb2 Nxc3 10. Bxc3 Ne4 11. Qa4+ Qd7 12. Qxd7+ Kxd7 13. Ne5+ Ke8 14. Bd4
f6 15. Nf3 a5 16. c5 Rc8 17. Bb5+ Kf7 18. Rc1 axb4 19. axb4 Ra8 20. O-O h5 21.
c6 bxc6 22. Bxc6 Rb8 23. b5 Bd6 24. b6 h4 25. b7 g5 26. Ba7 Rbg8 27. Bd7 g4 28.
Nd4 g3 29. fxg3 hxg3 30. h3 Nf2 31. Nxf5 exf5 32. Bxf5 Ne4 33. Rc8 Nd2 34. Rfc1
Nc4 35. e4 Re8 36. Rxe8 Rxe8 37. exd5 Na5 38. Be6+ Kg6 39. Rc8 Re7 40. b8=Q
Bxb8 41. Bxb8 Rb7 42. Bxg3 Rb1+ 43. Kh2 f5 44. Be5 Rf1 45. Rg8+ Kh7 46. Rg5 Nc4
47. Bxf5+ Kh6 48. Rg6+ Kh7 49. Rg4+ Rxf5 50. Rxc4 Rxe5 1-0

[Event "Toronto op U1800"]
[Site "Toronto CAN"]
[Date "2019.09.01"]
[Round "3"]
[White "Armstrong, Robert J"]
[Black "Supsup, Ferdinand"]
[Result "1-0"]
[WhiteElo "1519"]
[BlackElo "1730"]
[PlyCount "135"]
[EventDate "2019.08.31"]
[EventType "swiss"]
[EventRounds "6"]
[EventCountry "CAN"]

1. d4 Nf6 2. c4 e5 3. d5 Bc5 4. Nc3 d6 5. h3 Bf5 6. g4 Be4 7. f3 Bg6 8. h4 h6
9. e4 c6 10. Nge2 b5 11. cxb5 cxb5 12. Nxb5 Qb6 13. Qa4 Bf2+ 14. Kd1 Nbd7 15.
Bd2 O-O 16. g5 Nc5 17. Qa5 Qxa5 18. Bxa5 Ne8 19. Nec3 hxg5 20. hxg5 Nb7 21. Ke2
Bd4 22. Bb4 Bb6 23. Na4 Bd8 24. Rc1 Bxg5 25. Rc6 f6 26. Bh3 Bh6 27. Nxd6 Nexd6
28. Bxd6 Nxd6 29. Rxd6 Be8 30. Nc3 Rb8 31. b3 Rb7 32. Be6+ Kh7 33. Rb1 Rc7 34.
Kd3 Bh5 35. Rf1 Rb8 36. Bf5+ Kg8 37. Rd7 Rxd7 38. Bxd7 Kf8 39. Bg4 Be8 40. Rd1
Ke7 41. Kc2 Kd6 42. Bh3 Be3 43. Bf1 Bd4 44. Bc4 Rc8 45. Ne2 Be3 46. Rf1 g5 47.
Kd3 Bc5 48. Ng3 Bg6 49. Rh1 Be3 50. Kxe3 Kc5 51. Rh6 Rg8 52. Nf5 Bxf5 53. exf5
g4 54. Rg6 Rh8 55. fxg4 Rh3+ 56. Ke4 Rh1 57. Rxf6 Re1+ 58. Kd3 e4+ 59. Kd2 Ra1
60. a4 Kd4 61. Re6 Ra2+ 62. Kc1 e3 63. d6 Rh2 64. d7 Rh1+ 65. Kb2 Rh2+ 66. Ka3
Rh8 67. Re8 e2 68. Bxe2 1-0

[Event "Toronto op U1800"]
[Site "Toronto CAN"]
[Date "2019.09.01"]
[Round "4"]
[White "Lefort, Victor"]
[Black "Armstrong, Robert J"]
[Result "0-1"]
[WhiteElo "1743"]
[BlackElo "1519"]
[PlyCount "58"]
[EventDate "2019.08.31"]
[EventType "swiss"]
[EventRounds "6"]
[EventCountry "CAN"]

1. e4 g6 2. d4 Bg7 3. Nc3 d6 4. f4 Nf6 5. Nf3 O-O 6. Bd3 Nc6 7. O-O e5 8. fxe5
dxe5 9. d5 Nd4 10. Nxe5 Nxe4 11. Nxf7 Nxc3 12. bxc3 Rxf7 13. Rxf7 Kxf7 14. Bc4
Nf5 15. d6+ Be6 16. Bxe6+ Kxe6 17. Qe2+ Be5 18. d7 Qh4 19. g3 Nxg3 20. hxg3
Qxg3+ 21. Kh1 Rf8 22. Ba3 Qh4+ 23. Kg1 Rf5 24. Qg2 Rg5 25. d8=N+ Kd7 26. Rd1+
Kc8 27. Ne6 Rxg2+ 28. Kxg2 Qg4+ 29. Kf2 Qxd1 0-1

[Event "Toronto op U1800"]
[Site "Toronto CAN"]
[Date "2019.09.02"]
[Round "6"]
[White "Aliaj, Jurgen"]
[Black "Armstrong, Robert J"]
[Result "1-0"]
[WhiteElo "1676"]
[BlackElo "1519"]
[PlyCount "99"]
[EventDate "2019.08.31"]
[EventType "swiss"]
[EventRounds "6"]
[EventCountry "CAN"]

1. e4 g6 2. d4 Bg7 3. c4 c5 4. d5 Qb6 5. Nc3 d6 6. Be2 Nd7 7. Qc2 Ne5 8. f4 Ng4
9. h3 N4h6 10. Nf3 e5 11. fxe5 dxe5 12. Be3 Qa5 13. O-O Bd7 14. Nb5 Bxb5 15.
cxb5 Qc7 16. Qxc5 Qxc5 17. Bxc5 b6 18. Bd6 f6 19. Rac1 Nf7 20. Bb4 Kd7 21. Nh4
Ngh6 22. Rc6 Rhc8 23. g4 Nd8 24. g5 fxg5 25. Rd6+ Ke8 26. Nxg6 Nhf7 27. Re6+
Nxe6 28. dxe6 Nd6 29. Nh8 Nxe4 30. Bh5+ Kd8 31. Rd1+ Kc7 32. Rd7+ Kb8 33. Rxg7
Rxh8 34. e7 Nf6 35. Bf7 Ne8 36. Rxg5 h6 37. Rxe5 Kc7 38. Bd5 Rc8 39. Bc6 Kb8
40. Rd5 Rxc6 41. bxc6 Kc7 42. Rd7+ Kxc6 43. Rxa7 Nd6 44. Ra3 Nb7 45. Rf3 Re8
46. Rf8 Kd7 47. Kf2 Nc5 48. Rxe8 Kxe8 49. Bxc5 bxc5 50. a3 1-0

[Event "Toronto op U2200"]
[Site "Toronto CAN"]
[Date "2019.08.31"]
[Round "1.11"]
[White "Nazareno, Merlin"]
[Black "Qiao, Cindy"]
[Result "1/2-1/2"]
[WhiteElo "2166"]
[BlackElo "1884"]
[PlyCount "102"]
[EventDate "2019.08.31"]
[EventType "swiss"]
[EventRounds "6"]
[EventCountry "CAN"]

1. d4 d5 2. Bf4 Nf6 3. c3 e6 4. Nd2 c5 5. e3 Bd6 6. Bg3 Nc6 7. Ngf3 O-O 8. Bd3
b6 9. e4 Be7 10. e5 Nd7 11. Rc1 cxd4 12. cxd4 Nb4 13. Bb1 Ba6 14. Rc3 Rc8 15.
Nb3 Rxc3 16. bxc3 Nc6 17. h4 Qc8 18. Bf4 f5 19. Bd2 Nd8 20. Nc1 g6 21. h5 Rf7
22. Ne2 Nf8 23. Ng5 Bxg5 24. Bxg5 Bxe2 25. Kxe2 Qc4+ 26. Qd3 Qxd3+ 27. Bxd3 Nc6
28. Bb5 Rc7 29. Kd3 Na5 30. Bd8 Rg7 31. g3 Nd7 32. hxg6 hxg6 33. Rh6 Nf8 34. f4
Nd7 35. Bg5 Nf8 36. Bf6 Rh7 37. Rxh7 Nxh7 38. Bh4 Kf7 39. c4 Nxc4 40. Bxc4
dxc4+ 41. Kxc4 Ke8 42. d5 Nf8 43. d6 a6 44. a4 Nd7 45. Be7 Kf7 46. Kb4 Ke8 47.
Kc4 Kf7 48. Bd8 Ke8 49. Bc7 Kf7 50. Kb4 Ke8 51. Kc4 Kf7 1/2-1/2

[Event "Toronto op U2200"]
[Site "Toronto CAN"]
[Date "2019.08.31"]
[Round "1.13"]
[White "Loadman, Ian"]
[Black "Ajith, Aayush"]
[Result "1/2-1/2"]
[WhiteElo "2102"]
[BlackElo "1851"]
[PlyCount "83"]
[EventDate "2019.08.31"]
[EventType "swiss"]
[EventRounds "6"]
[EventCountry "CAN"]

1. e4 c5 2. Nf3 d6 3. d4 cxd4 4. Nxd4 Nf6 5. Nc3 a6 6. Bc4 e6 7. Bb3 b5 8. f4
b4 9. Na4 Nxe4 10. O-O Be7 11. f5 d5 12. fxe6 fxe6 13. Qh5+ g6 14. Nxe6 gxh5
15. Nxd8 Nf6 16. Bg5 Rf8 17. Bxf6 Rxf6 18. Bxd5 Ra7 19. Rxf6 Bxf6 20. Nc6 Nxc6
21. Bxc6+ Bd7 22. Re1+ Kf7 23. Bxd7 Rxd7 24. Kf1 Rd2 25. Re2 Rd1+ 26. Kf2 Ra1
27. Kf3 Rxa2 28. b3 Ra1 29. Ke4 Rd1 30. Nc5 Rd4+ 31. Kf3 Rd6 32. Ne4 Rc6 33.
Rd2 Ke6 34. g3 a5 35. Re2 Kf5 36. h3 Kg6 37. Rd2 Kf5 38. Rd6 Rxd6 39. Nxd6+ Ke6
40. Nc4 Bd8 41. Ke4 Bc7 42. g4 1/2-1/2

[Event "Toronto op U2200"]
[Site "Toronto CAN"]
[Date "2019.08.31"]
[Round "1.14"]
[White "Zhang, Jonathan"]
[Black "Feng, Richard"]
[Result "0-1"]
[WhiteElo "1841"]
[BlackElo "2078"]
[PlyCount "112"]
[EventDate "2019.08.31"]
[EventType "swiss"]
[EventRounds "6"]
[EventCountry "CAN"]

1. e4 c5 2. Nf3 d6 3. d4 cxd4 4. Nxd4 Nf6 5. Nc3 g6 6. f3 Bg7 7. Be3 O-O 8. Qd2
Nc6 9. O-O-O d5 10. exd5 Nxd5 11. Nxc6 bxc6 12. Bd4 e5 13. Bc5 Be6 14. Bc4 Qc8
15. g4 Rd8 16. Ne4 Rd7 17. Qa5 a6 18. Rd3 Nf4 19. Rxd7 Qxd7 20. Rd1 Qe8 21.
Bxe6 Nxe6 22. Kb1 f5 23. gxf5 gxf5 24. Ng3 Qf7 25. Qb6 Nxc5 26. Qxc5 Rb8 27.
Qd6 Rc8 28. Qd7 Qxd7 29. Rxd7 f4 30. Nf5 Bf6 31. Ne7+ Bxe7 32. Rxe7 Rd8 33. b3
Rd1+ 34. Kb2 Rf1 35. Rxe5 Rxf3 36. h4 Rf1 37. Rf5 f3 38. h5 Kg7 39. Kc3 Rf2 40.
Kd3 Kh6 41. a4 Rg2 42. Rxf3 Kxh5 43. Rh3+ Kg6 44. c4 h5 45. Ke3 Kg5 46. b4 Rb2
47. b5 axb5 48. Kd4 bxa4 49. Kc5 Rb3 50. Rh2 a3 51. Kxc6 Rb2 52. Rh1 a2 53. Ra1
h4 54. Kd6 h3 55. c5 h2 56. c6 Rb1 0-1

[Event "Toronto op U2200"]
[Site "Toronto CAN"]
[Date "2019.08.31"]
[Round "1.15"]
[White "Liu, Henry"]
[Black "D'Amore, Tyler"]
[Result "1-0"]
[WhiteElo "2076"]
[BlackElo "1831"]
[PlyCount "69"]
[EventDate "2019.08.31"]
[EventType "swiss"]
[EventRounds "6"]
[EventCountry "CAN"]

1. c4 Nf6 2. g3 e6 3. Bg2 d5 4. cxd5 exd5 5. d4 Bd6 6. Nc3 c6 7. Nf3 Bf5 8. O-O
Nbd7 9. a3 O-O 10. b4 Ne4 11. Qb3 Nxc3 12. Qxc3 Be4 13. Nd2 Bxg2 14. Kxg2 Re8
15. Nb3 Nb6 16. Na5 Qc7 17. e3 a6 18. Bd2 Re7 19. Rfc1 Qd7 20. Qb3 h5 21. f3
Qf5 22. a4 g5 23. b5 axb5 24. axb5 g4 25. Rf1 cxb5 26. Qxb5 Nc4 27. Nxc4 Rxa1
28. Rxa1 Qxf3+ 29. Kg1 Bxg3 30. hxg3 Qxg3+ 31. Kf1 dxc4 32. Ra8+ Kg7 33. Qg5+
Kh7 34. Qg8+ Kh6 35. e4+ 1-0

[Event "Toronto op U2200"]
[Site "Toronto CAN"]
[Date "2019.08.31"]
[Round "1.16"]
[White "Nemati, Omid"]
[Black "Mao, Fengxi"]
[Result "0-1"]
[WhiteElo "1812"]
[BlackElo "2070"]
[PlyCount "67"]
[EventDate "2019.08.31"]
[EventType "swiss"]
[EventRounds "6"]
[EventCountry "CAN"]

1. e4 e6 2. d4 d5 3. e5 c5 4. Qg4 cxd4 5. Nf3 Nc6 6. Bd3 Qc7 7. Bf4 Bd7 8. O-O
O-O-O 9. Re1 h6 10. Nbd2 g5 11. Bg3 Be7 12. Qh5 Be8 13. Nb3 Qb6 14. Nfd2 f5 15.
Qf3 f4 16. Bxf4 gxf4 17. Qxf4 Bg5 18. Qg4 Bxd2 19. Nxd2 Bd7 20. c4 Nge7 21.
cxd5 Nxd5 22. Nc4 Qc7 23. Nd6+ Kb8 24. Nf7 Rhg8 25. Qh4 Rdf8 26. Nxh6 Rxg2+ 27.
Kxg2 Nf4+ 28. Kg3 Nxd3 29. Re2 Ncxe5 30. Kg2 Qc6+ 31. Qe4 Qxe4+ 32. Rxe4 Bc6
33. f3 Bxe4 34. fxe4 0-1

[Event "Toronto op U2200"]
[Site "Toronto CAN"]
[Date "2019.08.31"]
[Round "1.17"]
[White "Ahmed, Syed Ibrahim"]
[Black "Matiu, Virgiliu Bogdan"]
[Result "1-0"]
[WhiteElo "2058"]
[BlackElo "1805"]
[PlyCount "49"]
[EventDate "2019.08.31"]
[EventType "swiss"]
[EventRounds "6"]
[EventCountry "CAN"]

1. d4 e6 2. c4 c5 3. Nf3 d5 4. cxd5 exd5 5. Nc3 Be6 6. g3 Nf6 7. Bg2 Ne4 8. Bf4
Qa5 9. O-O Nxc3 10. bxc3 Qxc3 11. dxc5 Qxc5 12. Rc1 Qa5 13. Rc7 b6 14. Ng5 Na6
15. Rxf7 Bxf7 16. Nxf7 Rg8 17. Bxd5 Be7 18. Bxa8 Kxf7 19. Bd5+ Kf8 20. Bxg8
Kxg8 21. Qd7 Qc5 22. Rc1 Qa3 23. Qe6+ Kh8 24. Rc8+ Bf8 25. Bd6 1-0

[Event "Toronto op U2200"]
[Site "Toronto CAN"]
[Date "2019.08.31"]
[Round "1.18"]
[White "Desikan, Ajith"]
[Black "Demchenko, Kyrylo"]
[Result "0-1"]
[WhiteElo "1803"]
[BlackElo "2045"]
[PlyCount "70"]
[EventDate "2019.08.31"]
[EventType "swiss"]
[EventRounds "6"]
[EventCountry "CAN"]

1. e4 e5 2. Nf3 Nc6 3. Bc4 Nf6 4. d3 h6 5. O-O Bc5 6. c3 Bb6 7. Be3 O-O 8. Bxb6
axb6 9. Re1 d6 10. Nbd2 Na5 11. Bb5 c6 12. Ba4 b5 13. Bc2 c5 14. Nf1 Nc6 15.
Ng3 b4 16. Nh4 bxc3 17. bxc3 Qa5 18. Nhf5 Bxf5 19. Nxf5 Rad8 20. Qf3 Qxc3 21.
Nxh6+ Kh7 22. Nf5 Qxc2 23. Re3 Rh8 24. Qg3 Ne8 25. Qg5 Kg8 26. Rg3 Rh7 27. Nh6+
Kf8 28. Nf5 Ra8 29. Rf1 Rxa2 30. f4 Qd2 31. h4 g6 32. Ne3 Nd4 33. Nd5 Ne2+ 34.
Kh2 Nxg3 35. Kxg3 Qxg2# 0-1

[Event "Toronto op U2200"]
[Site "Toronto CAN"]
[Date "2019.08.31"]
[Round "1.19"]
[White "Huang, Youhe"]
[Black "Xu, Alex"]
[Result "1-0"]
[WhiteElo "2043"]
[BlackElo "1798"]
[PlyCount "53"]
[EventDate "2019.08.31"]
[EventType "swiss"]
[EventRounds "6"]
[EventCountry "CAN"]

1. e4 e6 2. d4 d5 3. Nc3 Nf6 4. Bg5 Be7 5. e5 Nfd7 6. h4 Bxg5 7. hxg5 Qxg5 8.
Nh3 Qd8 9. Qg4 g6 10. Ng5 Nf8 11. Qf4 Qe7 12. Rh6 c5 13. Nb5 cxd4 14. Nd6+ Kd7
15. Ngxf7 Rg8 16. Bb5+ Nc6 17. Qxd4 Kc7 18. Bxc6 bxc6 19. Rh3 Rg7 20. Ra3 Kb8
21. Rb3+ Kc7 22. Nxc8 Kxc8 23. Nd6+ Kd8 24. Qc5 Nd7 25. Qxc6 Qg5 26. Qxa8+ Ke7
27. Qe8# 1-0

[Event "Toronto op U2200"]
[Site "Toronto CAN"]
[Date "2019.08.31"]
[Round "1.20"]
[White "Jeyakumar, Bhavatharshan"]
[Black "Khachaturov, Vadim"]
[Result "0-1"]
[WhiteElo "1778"]
[BlackElo "2041"]
[PlyCount "116"]
[EventDate "2019.08.31"]
[EventType "swiss"]
[EventRounds "6"]
[EventCountry "CAN"]

1. e4 c5 2. Nf3 d6 3. d4 cxd4 4. Nxd4 Nf6 5. Nc3 a6 6. Bg5 e6 7. f4 Be7 8. Qf3
O-O 9. O-O-O Nbd7 10. Bc4 h6 11. Bh4 Re8 12. Rhe1 Qc7 13. Bxe6 fxe6 14. Nxe6
Qc4 15. Nd5 Nxd5 16. Qg3 Bf8 17. exd5 Qxa2 18. Qg6 Nf6 19. Nxg7 Qa1+ 20. Kd2
Qa5+ 21. c3 Qxd5+ 22. Kc2 Qf7 23. Qxf7+ Kxf7 24. Nxe8 Nxe8 25. Rd2 Bf5+ 26. Kc1
Nf6 27. Bxf6 Kxf6 28. Rde2 h5 29. g3 Rc8 30. Re8 Rxe8 31. Rxe8 Be7 32. Kd2 Ke6
33. Rb8 Be4 34. Ke3 Bc6 35. Rh8 h4 36. gxh4 Kf5 37. h5 d5 38. h6 Kg6 39. f5+
Kh5 40. h7 Kh6 41. Kd3 Bh4 42. f6 Bxf6 43. Rf8 Bxc3 44. bxc3 Kxh7 45. Kd4 a5
46. Kc5 a4 47. Kb4 Kg6 48. Rc8 Kf5 49. Rxc6 bxc6 50. Kxa4 c5 51. Kb5 d4 52.
cxd4 cxd4 53. Kc4 Ke4 54. Kb3 d3 55. Kb2 Ke3 56. Kc1 Ke2 57. h4 d2+ 58. Kb2
d1=Q 0-1

[Event "Toronto op U2200"]
[Site "Toronto CAN"]
[Date "2019.08.31"]
[Round "1.21"]
[White "Stewart, Michael"]
[Black "Moran-Venegas, Mario"]
[Result "1/2-1/2"]
[WhiteElo "2036"]
[BlackElo "1768"]
[PlyCount "32"]
[EventDate "2019.08.31"]
[EventType "swiss"]
[EventRounds "6"]
[EventCountry "CAN"]

1. c4 e5 2. Nc3 Nf6 3. Nf3 Nc6 4. g3 h6 5. Bg2 Bc5 6. d3 O-O 7. O-O a6 8. a3 d6
9. b4 Ba7 10. b5 axb5 11. cxb5 Na5 12. h3 Be6 13. Be3 Bxe3 14. fxe3 Nb3 15. Ra2
Nc5 16. Ra1 Nb3 1/2-1/2

[Event "Toronto op U2200"]
[Site "Toronto CAN"]
[Date "2019.08.31"]
[Round "1.22"]
[White "Cao, Bruce"]
[Black "Malakhovets, Sergey"]
[Result "1-0"]
[WhiteElo "1767"]
[BlackElo "2029"]
[PlyCount "85"]
[EventDate "2019.08.31"]
[EventType "swiss"]
[EventRounds "6"]
[EventCountry "CAN"]

1. e4 c6 2. d4 d5 3. e5 c5 4. c3 Nc6 5. Nf3 Bg4 6. Bb5 e6 7. Qa4 Qc7 8. Nbd2
Nh6 9. O-O Be7 10. dxc5 O-O 11. Bxc6 bxc6 12. Qd4 f6 13. b4 Bh5 14. Re1 Nf7 15.
Qe3 Rae8 16. Nd4 Qxe5 17. Nxe6 Bd8 18. Nxf8 Rxf8 19. Nb3 Bc7 20. f4 Qf5 21. Nd4
Qc8 22. Nxc6 Qa6 23. Ne7+ Kh8 24. Nxd5 Bb8 25. a4 Nh6 26. Qe7 Qc8 27. Qe6 Qd8
28. Qe7 Qc8 29. Qe3 Nf5 30. Qh3 Bf7 31. Ne7 Nxe7 32. Rxe7 Qc6 33. Qd7 Qxd7 34.
Rxd7 Be6 35. Re7 Bc4 36. Be3 h5 37. Re4 Bd3 38. Rd4 Bf5 39. b5 Re8 40. Kf2 Be4
41. a5 f5 42. b6 Rc8 43. Rad1 1-0

[Event "Toronto op U2200"]
[Site "Toronto CAN"]
[Date "2019.08.31"]
[Round "1.23"]
[White "Van Rooy, Jake"]
[Black "Samokysh, Yevhen"]
[Result "1-0"]
[WhiteElo "1998"]
[BlackElo "1767"]
[PlyCount "85"]
[EventDate "2019.08.31"]
[EventType "swiss"]
[EventRounds "6"]
[EventCountry "CAN"]

1. e4 c5 2. Nf3 Nc6 3. Nc3 Nf6 4. d4 cxd4 5. Nxd4 e5 6. Ndb5 d6 7. Bg5 a6 8.
Na3 b5 9. Nd5 Be7 10. Bxf6 Bxf6 11. c3 Bg5 12. Nc2 Be6 13. a4 bxa4 14. Rxa4 O-O
15. Bxa6 Nb8 16. Bb5 Rxa4 17. Bxa4 Qa5 18. Ncb4 f5 19. Bc2 f4 20. f3 Bh4+ 21.
Ke2 Qc5 22. Qg1 Qc4+ 23. Bd3 Qb3 24. Qc1 Qa4 25. Qa1 Qd7 26. Kd2 Qb7 27. Qa4
Nd7 28. Qa6 Bxd5 29. exd5 Qb8 30. Ra1 Nc5 31. Qa3 Qb6 32. Kc2 Nxd3 33. Nxd3 Qe3
34. Rd1 e4 35. fxe4 f3 36. gxf3 Rxf3 37. Qxd6 Be1 38. Qe6+ Kf8 39. Nxe1 Rf2+
40. Kb3 Qe2 41. Qc8+ Kf7 42. Qd7+ Kf8 43. Rb1 1-0

[Event "Toronto op U2200"]
[Site "Toronto CAN"]
[Date "2019.08.31"]
[Round "1.24"]
[White "Landstrom, William"]
[Black "Xu, Eddie"]
[Result "0-1"]
[WhiteElo "1758"]
[BlackElo "1986"]
[PlyCount "94"]
[EventDate "2019.08.31"]
[EventType "swiss"]
[EventRounds "6"]
[EventCountry "CAN"]

1. e4 e5 2. Nf3 Nc6 3. Bc4 Bc5 4. c3 Nf6 5. d3 d6 6. O-O O-O 7. Nbd2 h6 8. Re1
a6 9. a4 Ba7 10. Nf1 Ne7 11. Ng3 Ng6 12. Be3 Bxe3 13. fxe3 c6 14. d4 Re8 15.
Qc2 Be6 16. Bd3 b5 17. Kh1 Qd7 18. Ra3 Qb7 19. b4 Nd7 20. Nf5 Qc7 21. a5 d5 22.
Ng3 Ne7 23. Raa1 g6 24. Rf1 Kg7 25. Rae1 dxe4 26. Bxe4 f5 27. Bxf5 Nxf5 28.
Nxf5+ Bxf5 29. e4 Be6 30. Nh4 g5 31. d5 gxh4 32. dxe6 Rxe6 33. Qe2 Rg6 34. Qf2
Rf8 35. Qxh4 Rxf1+ 36. Rxf1 Nf6 37. Qf2 Qd7 38. h4 Qg4 39. Kg1 Kh7 40. h5 Nxh5
41. Qf7+ Ng7 42. Qf3 Qxf3 43. Rxf3 Ne6 44. Rf7+ Rg7 45. Rf6 Re7 46. Kf2 Kg7 47.
Rf5 Rf7 0-1

[Event "Toronto op U2200"]
[Site "Toronto CAN"]
[Date "2019.08.31"]
[Round "1.25"]
[White "Yuen, Noah"]
[Black "Itkin, Victor"]
[Result "1-0"]
[WhiteElo "1979"]
[BlackElo "1752"]
[PlyCount "153"]
[EventDate "2019.08.31"]
[EventType "swiss"]
[EventRounds "6"]
[EventCountry "CAN"]

1. d4 Nf6 2. c4 e5 3. dxe5 Ng4 4. Bf4 g5 5. Bg3 Bg7 6. Nf3 Nc6 7. Nc3 Ngxe5 8.
Nxe5 Nxe5 9. e3 d6 10. Be2 O-O 11. h4 h6 12. hxg5 Qxg5 13. Kf1 Bg4 14. Bxg4
Nxg4 15. Nd5 Rae8 16. Bf4 Qf5 17. Rh4 Ne5 18. Bxh6 Bxh6 19. Qh5 Qxh5 20. Nf6+
Kg7 21. Nxe8+ Kg6 22. Rxh5 Kxh5 23. Nxc7 Nxc4 24. Ke2 Nxb2 25. Nd5 f5 26. Rh1+
Kg6 27. Ne7+ Kg7 28. Rb1 Rf7 29. Nxf5+ Rxf5 30. Rxb2 Rf7 31. f4 Kf6 32. g4 Ke6
33. g5 Bg7 34. Rc2 d5 35. Kf3 Kd6 36. e4 dxe4+ 37. Kxe4 b5 38. f5 Re7+ 39. Kf4
b4 40. f6 Rf7 41. Kf5 Rf8 42. Rd2+ Kc5 43. Rd7 Bh8 44. Rxa7 Kc4 45. Rc7+ Kd4
46. Kg6 Kd5 47. Rd7+ Kc4 48. Rh7 Kc3 49. Rxh8 Rxh8 50. Kg7 Ra8 51. f7 Kb2 52.
f8=Q Rxf8 53. Kxf8 Kxa2 54. g6 Ka1 55. g7 b3 56. g8=Q b2 57. Qg7 Ka2 58. Qa7+
Kb3 59. Qe3+ Ka2 60. Qd2 Kb3 61. Qd1+ Ka2 62. Qa4+ Kb1 63. Ke7 Kc1 64. Qc4+ Kd2
65. Qb3 Kc1 66. Qc3+ Kb1 67. Kd6 Ka2 68. Qc2 Ka1 69. Qa4+ Kb1 70. Kd5 Kc1 71.
Qc4+ Kd2 72. Qb3 Kc1 73. Qc3+ Kb1 74. Kc4 Ka2 75. Qb3+ Ka1 76. Qa3+ Kb1 77. Kc3
1-0

[Event "Toronto op U2200"]
[Site "Toronto CAN"]
[Date "2019.08.31"]
[Round "1.26"]
[White "Wu, Benjamin"]
[Black "Lim, Levi"]
[Result "1/2-1/2"]
[WhiteElo "1749"]
[BlackElo "1951"]
[PlyCount "81"]
[EventDate "2019.08.31"]
[EventType "swiss"]
[EventRounds "6"]
[EventCountry "CAN"]

1. e4 c6 2. d4 d5 3. e5 Bf5 4. Bd3 Bxd3 5. Qxd3 e6 6. Nf3 Qb6 7. O-O c5 8. c4
Qa6 9. b3 Nc6 10. Ba3 Nb4 11. Qc3 b6 12. cxd5 Nxd5 13. Qc2 Rc8 14. Qd2 Nh6 15.
Rc1 Be7 16. dxc5 bxc5 17. Bb2 O-O 18. Nc3 Rfd8 19. Qe2 Qxe2 20. Nxe2 Nf5 21.
Ng3 Nxg3 22. hxg3 h6 23. Ba3 Nb4 24. Bxb4 cxb4 25. Rxc8 Rxc8 26. Rd1 Rc7 27.
Kf1 Kf8 28. Ke2 Ke8 29. Nd4 a6 30. Rd2 h5 31. Rc2 Kd7 32. Rxc7+ Kxc7 33. Kd3
Kb6 34. Kc4 g6 35. Nc2 Bc5 36. Nd4 a5 37. f3 Bxd4 38. Kxd4 Kc6 39. f4 Kb5 40.
Kd3 Kc5 41. Ke4 1/2-1/2

[Event "Toronto op U2200"]
[Site "Toronto CAN"]
[Date "2019.08.31"]
[Round "1.27"]
[White "Mohamed, Ehab"]
[Black "Vijendra, Vinushan"]
[Result "1-0"]
[WhiteElo "1949"]
[BlackElo "1733"]
[PlyCount "55"]
[EventDate "2019.08.31"]
[EventType "swiss"]
[EventRounds "6"]
[EventCountry "CAN"]

1. d4 Nf6 2. c4 d5 3. cxd5 Nxd5 4. e4 Nf6 5. Bd3 e6 6. Ne2 c5 7. O-O Nbd7 8.
Nbc3 cxd4 9. Nxd4 Bc5 10. Nb3 b6 11. Bb5 Bb4 12. Bc6 Ba6 13. e5 Bxc3 14. bxc3
Rc8 15. exf6 Rxc6 16. fxg7 Rg8 17. Re1 Qf6 18. Nd4 Qxg7 19. g3 Rc7 20. Bf4 Rxc3
21. Nf5 Qf6 22. Nd6+ Ke7 23. Ne4 Qxf4 24. Nxc3 Qc4 25. Rc1 Bb7 26. Ne4 Qb4 27.
Rc7 Bd5 28. Rxd7+ 1-0

[Event "Toronto op U2200"]
[Site "Toronto CAN"]
[Date "2019.08.31"]
[Round "1.28"]
[White "Liao, Joseph"]
[Black "Ghaytasvand, Parviz"]
[Result "0-1"]
[WhiteElo "1732"]
[BlackElo "1921"]
[PlyCount "60"]
[EventDate "2019.08.31"]
[EventType "swiss"]
[EventRounds "6"]
[EventCountry "CAN"]

1. e4 e5 2. Nf3 Nc6 3. Bb5 a6 4. Ba4 d6 5. Qe2 Bd7 6. c3 Nf6 7. O-O Be7 8. Rd1
O-O 9. d4 Nxd4 10. cxd4 Bxa4 11. b3 Bc6 12. Nc3 exd4 13. Nxd4 Bd7 14. Bb2 Re8
15. b4 Bf8 16. Qc2 Qc8 17. Rac1 c5 18. bxc5 dxc5 19. Nb3 b5 20. e5 Bf5 21. Qe2
Qc7 22. Qf1 Qxe5 23. Nxb5 Qxb2 24. Nc7 Qxa2 25. Nd2 Qa5 26. Nxe8 Rxe8 27. Ra1
Qc3 28. Qxa6 Rd8 29. Qa5 Qxa5 30. Rxa5 Bc2 0-1